Cut - outs (Record no. 611268)

MARC details
000 -LEADER
fixed length control field 00357nam a2200133 4500
008 - FIXED-LENGTH DATA ELEMENTS--GENERAL INFORMATION
fixed length control field 260209b |||||||| |||| 00| 0 eng d
020 ## - INTERNATIONAL STANDARD BOOK NUMBER
ISBN 9783822830529
Paper back/Hardbound Hbk
082 ## - DEWEY DECIMAL CLASSIFICATION NUMBER
Classification number 709 NER
100 ## - MAIN ENTRY--AUTHOR NAME
Personal name Matisse, Henri
245 ## - TITLE STATEMENT
Title Cut - outs
Sub Title :Drawing with scissors
Statement of responsibility, etc Henri Matisse
260 ## - PUBLICATION, DISTRIBUTION, ETC. (IMPRINT)
Place of publication Hong Kong
Name of publisher Taschen
Year of publication 2009
942 ## - ADDED ENTRY ELEMENTS (KOHA)
Koha item type Reference
Holdings
Withdrawn status Lost status Damaged status Not for loan Home library Current library Shelving location Date acquired Full call number Accession Number Price effective from Koha item type
        Anna Centenary Library Anna Centenary Library 6TH FLOOR, B WING 09.02.2026 709 NER 389977 09.02.2026 Reference

Find us on the map